Disparities in developing countries : (Record no. 38095)

MARC details
000 -LEADER
fixed length control field 00696nam a22001697a 4500
008 - FIXED-LENGTH DATA ELEMENTS--GENERAL INFORMATION
fixed length control field 110322t xxu||||| |||| 00| 0 eng d
020 ## - INTERNATIONAL STANDARD BOOK NUMBER
International Standard Book Number 9966996918
050 ## - LIBRARY OF CONGRESS CALL NUMBER
Classification number HN 980
Item number .D57 2004
245 ## - TITLE STATEMENT
Title Disparities in developing countries :
Remainder of title Types, challenges and the way forward
Statement of responsibility, etc edited by Clara Momanyi, Nelson, H.W. Wawire
260 ## - PUBLICATION, DISTRIBUTION, ETC. (IMPRINT)
Place of publication, distribution, etc Nairobi
Name of publisher, distributor, etc ATWS-Kenya Chapter
Date of publication, distribution, etc 2004
300 ## - PHYSICAL DESCRIPTION
Extent xii,348p.
Dimensions 30cm
440 ## - SERIES STATEMENT/ADDED ENTRY--TITLE
Volume number/sequential designation Vol.1
700 ## - ADDED ENTRY--PERSONAL NAME
Personal name Momanyi Clara......ed.
700 ## - ADDED ENTRY--PERSONAL NAME
Personal name Wawire,Nelson H......ed.
942 ## - ADDED ENTRY ELEMENTS (KOHA)
Source of classification or shelving scheme Library of Congress Classification
Item type Book
Holdings
Withdrawn status Lost status Source of classification or shelving scheme Damaged status Not for loan Collection code Home library Current library Shelving location Date acquired Source of acquisition Total Checkouts Total Renewals Full call number Barcode Date last borrowed Copy number Price effective from Koha item type
    Library of Congress Classification     Non-fiction Bishop Okullu Memorial Library (Limuru Campus) Bishop Okullu Memorial Library (Limuru Campus) General Circulation 22/03/2011 purchase 6 2 HN 980 . D57 2004 024752 26/06/2014 1 22/03/2011 Book